000 00342nam a2200133Ia 4500
008 240624s9999 xx 000 0 und d
041 _aeng
082 _a828 HOW
100 _aHOWELL MARTHA C
245 _aFROM RELIABLE SOURCES AN INTRODUCTION TO
260 _c2001
_aMethods
_bCornell University Press
300 _a224 p.
365 _c
_b25
999 _c31369
_d31369